[Event "4NCL 2009-10"]
[Site "Sunningdale ENG"]
[Date "2010.02.20"]
[Round "5"]
[White "Savage,B"]
[Black "Cernousek,L"]
[Result "0-1"]
[WhiteElo "2296"]
[BlackElo "2417"]
[EventDate "2009.10.24"]

1. d4 Nf6 2. c4 c5 3. d5 e6 4. Nc3 exd5 5. cxd5 d6 6. e4 g6 7. h3 Bg7 8.
Nf3 a6 9. a4 Nbd7 10. Bd3 Nh5 11. Bg5 Bf6 12. Bh6 Ne5 13. Nxe5 Bxe5 14. Qd2
Bd7 15. O-O Rg8 16. Be2 Qe7 17. Ra3 Nf6 18. Bd3 g5 19. Ne2 Nh5 20. Bxg5
Qxg5 21. Qxg5 Rxg5 22. f4 Nxf4 23. Nxf4 O-O-O 24. b3 Rg3 25. Bc4 b5 26.
axb5 axb5 27. Rfa1 Bxa1 0-1

[Event "4NCL 2009-10"]
[Site "Sunningdale ENG"]
[Date "2010.02.20"]
[Round "5"]
[White "Jirka,J"]
[Black "Rose,M"]
[Result "1-0"]
[WhiteElo "2404"]
[BlackElo "2282"]
[EventDate "2009.10.24"]

1. d4 Nf6 2. c4 g6 3. g3 Bg7 4. Bg2 O-O 5. Nc3 d6 6. Nf3 Nbd7 7. O-O e5 8.
h3 exd4 9. Nxd4 Re8 10. e4 a6 11. Be3 Rb8 12. b3 Qe7 13. a4 c5 14. Nde2 b6
15. Qd2 Bb7 16. f3 Ne5 17. Rad1 Rbd8 18. Bg5 Qf8 19. f4 Nc6 20. Nd5 Nxe4
21. Bxe4 Rxe4 22. Bxd8 Qxd8 23. Nec3 Re8 24. Rde1 Nd4 25. Qd1 b5 26. Ne4
Kf8 27. Ng5 h6 28. Nh7+ 1-0

[Event "4NCL 2009-10"]
[Site "Sunningdale ENG"]
[Date "2010.02.20"]
[Round "5"]
[White "Shaw,D"]
[Black "Richardson,Joh"]
[Result "1/2-1/2"]
[WhiteElo "2241"]
[BlackElo "2298"]
[EventDate "2009.10.24"]

1. e4 c6 2. d4 d5 3. exd5 cxd5 4. Bd3 Nf6 5. c3 Nc6 6. Bf4 g6 7. Qb3 Nh5 8.
Be3 Bg7 9. Nf3 O-O 10. O-O f5 11. Re1 f4 12. Bd2 Qd6 13. Na3 Bg4 14. Ne5
Bc8 15. Be2 a6 16. Bf3 e6 17. Nd3 Rf7 18. Qd1 Ne7 19. Qc1 Bh6 20. Bxh5 gxh5
21. Re5 Bg7 22. Rxh5 f3 23. g3 Ng6 24. Bh6 Bd7 25. Qe3 Raf8 26. Bxg7 Rxg7
27. Re1 Bc8 28. Nb1 Qd8 29. Nd2 Nh4 30. Qe5 Ng6 31. Qe3 Nh4 32. Qh6 Rf6 33.
Qe3 Ng2 34. Qe5 Nxe1 35. Nxe1 Qf8 36. Qe3 Rgf7 37. Rg5+ Kh8 38. Qe5 h6 39.
Rg6 Kh7 40. Rxf6 Rxf6 41. Ndxf3 Qg7 42. Qb8 Qf8 43. Qe5 Qg7 44. Kg2 Bd7 45.
Nd3 Rf8 46. Qd6 Bc8 47. Nf4 Qf6 48. Ne5 Qf5 49. Qe7+ Kg8 50. Neg6 Qe4+ 51.
Kg1 Qe1+ 52. Kg2 Qe4+ 53. f3 Qc2+ 54. Kh3 e5+ 55. g4 Bxg4+ 56. fxg4 Rxf4
57. Qe8+ Kg7 58. Nxf4 exf4 59. Qe5+ Kg6 60. Qd6+ Kg7 61. Qc7+ Kg6 62. Qb6+
Kg5 63. Qd8+ Kg6 64. Qxd5 Qf2 65. Qe6+ 1/2-1/2

[Event "4NCL 2009-10"]
[Site "Sunningdale ENG"]
[Date "2010.02.20"]
[Round "5"]
[White "Wheeler,D"]
[Black "Rawlinson,A"]
[Result "1-0"]
[WhiteElo "2240"]
[BlackElo "2207"]
[EventDate "2009.10.24"]

1. e4 c5 2. f4 d5 3. Nc3 e6 4. exd5 exd5 5. Bb5+ Nc6 6. Qe2+ Be7 7. Nf3 Nf6
8. O-O O-O 9. Bxc6 bxc6 10. d3 Bg4 11. h3 Bxf3 12. Qxf3 d4 13. Ne4 Nd5 14.
f5 f6 15. Bd2 Rb8 16. b3 Bd6 17. Rae1 Rb7 18. Nxd6 Qxd6 19. Re6 Qd7 20.
Rfe1 Rbb8 21. Bf4 Rbe8 22. Bd6 Rxe6 23. Rxe6 Re8 24. Qe4 Rxe6 25. Qxe6+
Qxe6 26. fxe6 a6 27. Kf2 Nb4 28. Bxc5 Nxc2 29. g4 Ne3 30. Kf3 Nd5 31. Ke4
Nc3+ 32. Kxd4 Nxa2 33. Ba3 g6 34. Kc5 Kf8 35. Kxc6+ Ke8 36. d4 1-0

[Event "4NCL 2009-10"]
[Site "Sunningdale ENG"]
[Date "2010.02.20"]
[Round "5"]
[White "White,Mi"]
[Black "Snape,I"]
[Result "1-0"]
[WhiteElo "2227"]
[BlackElo "2189"]
[EventDate "2009.10.24"]

1. e4 c5 2. Nf3 d6 3. d4 cxd4 4. Nxd4 Nf6 5. Nc3 g6 6. Be3 Bg7 7. f3 O-O 8.
Qd2 Nc6 9. O-O-O d5 10. exd5 Nxd5 11. Nxc6 bxc6 12. Bd4 e5 13. Bc5 Be6 14.
Ne4 Rb8 15. Bc4 f5 16. Ng5 e4 17. Bb3 Qf6 18. c3 Bh6 19. h4 Rfe8 20. Rhe1
Bf7 21. Bxa7 Rxb3 22. axb3 Qe7 23. fxe4 fxe4 24. Qd4 Nxc3 25. bxc3 Qa3+ 26.
Kd2 Qb2+ 27. Ke3 Qxg2 28. Qf6 Qg3+ 29. Ke2 Qg2+ 30. Ke3 Qg3+ 31. Kd2 Bxb3
32. Kc1 Qxh4 33. Be3 Qh2 34. Rd2 Qh4 35. Rf1 Bg7 36. Qxc6 Rf8 37. Rdf2 Rf5
38. Qxe4 Qxe4 39. Nxe4 Re5 40. Rf4 Bd5 41. Bd4 Rxe4 42. Rxe4 Bxe4 43. Bxg7
Kxg7 44. Kd2 h5 45. Ke3 Bc6 46. Kf4 Kf6 47. Kg3+ Ke5 48. Kh4 Bg2 49. Rf8
Kd5 50. Kg5 Be4 51. Rf4 Bf5 52. Kf6 Bc2 53. Rd4+ Kc5 54. Rd2 Bf5 55. Rd4
Bc2 56. Ke5 Bf5 57. Rf4 Kc6 58. Rc4+ Kd7 59. Ra4 Kc6 60. Rb4 Kc5 61. Rd4
Kc6 62. Rc4+ Kd7 63. Rf4 Kc6 64. Kd4 Bc2 65. c4 g5 66. Rf6+ Kc7 67. Rh6 h4
68. Rh5 g4 69. Rxh4 Bd1 70. Rh6 Bf3 71. Rg6 Kd7 72. Ke5 Be2 73. c5 Bf3 74.
Rd6+ Kc7 75. Rd3 Kc6 76. Kd4 Kc7 77. Ra3 Be2 78. Re3 Bf1 79. Re1 Bg2 80.
Kc4 Kc6 81. Re6+ Kc7 82. Rg6 Bf1+ 83. Kb4 Be2 84. Re6 Bf3 85. Kb5 Bd1 86.
Re7+ Kd8 87. Rg7 Bf3 88. c6 Kc8 89. Kb6 1-0

[Event "4NCL 2009-10"]
[Site "Sunningdale ENG"]
[Date "2010.02.20"]
[Round "5"]
[White "Tidman,S"]
[Black "Bellin,J"]
[Result "0-1"]
[WhiteElo "2110"]
[BlackElo "2151"]
[EventDate "2009.10.24"]

1. e4 c5 2. Nf3 e6 3. d4 cxd4 4. Nxd4 a6 5. Bd3 Nf6 6. O-O d6 7. Qe2 Be7 8.
c4 b6 9. Nc3 Bb7 10. Rd1 Nbd7 11. Nf3 Qc7 12. Bd2 O-O 13. Rac1 Rac8 14. b4
Rfe8 15. a3 Qb8 16. Bf4 e5 17. Bg5 Nf8 18. Bb1 Ne6 19. Be3 Ng4 20. Bd2 Nf8
21. h3 Nf6 22. Be3 N8d7 23. Nh2 Bc6 24. Nf1 Qa8 25. Ng3 g6 26. h4 h5 27.
Bg5 Nf8 28. Nd5 Bxd5 29. exd5 N8h7 30. c5 bxc5 31. bxc5 Nxg5 32. hxg5 Nxd5
33. Be4 Nf4 34. Bxa8 Nxe2+ 35. Nxe2 Rxa8 36. cxd6 Bxg5 37. d7 Red8 38. Rc7
Rdb8 39. Nc3 Bd8 40. Rc6 Kf8 41. Nd5 Ba5 42. Rc5 Bd8 43. Rdc1 Bg5 44. Rc8+
Kg7 45. Nb6 Rxb6 46. Rxa8 Rd6 47. Re1 Rxd7 48. Rxa6 Rd2 49. Kf1 Bh4 50. g3
Bf6 51. Re4 Ra2 52. a4 Rc2 53. Ra7 Bd8 54. Re2 Rc1+ 55. Kg2 Bb6 56. Rb7 Bd4
57. Ra2 Rc6 58. Kf3 Kf6 59. Ke4 Ke6 60. a5 Rc3 61. Rxf7 Kxf7 62. a6 Rc7 63.
f4 Ke6 64. fxe5 Ba7 65. Ra5 g5 66. Rb5 Rc3 0-1

[Event "4NCL 2009-10"]
[Site "Sunningdale ENG"]
[Date "2010.02.20"]
[Round "5"]
[White "Cobb,J"]
[Black "King,D"]
[Result "1-0"]
[WhiteElo "2415"]
[BlackElo "2494"]
[EventDate "2009.10.24"]

1. Nf3 Nf6 2. c4 e6 3. g3 d5 4. b3 Be7 5. Bg2 O-O 6. O-O c5 7. Bb2 Nc6 8.
e3 dxc4 9. bxc4 Qb6 10. Qc1 Rd8 11. Rd1 Bd7 12. Nc3 Be8 13. Rb1 Qa6 14. Nb5
Rac8 15. Ne5 Nb4 16. a3 Nd3 17. Nxd3 Rxd3 18. Qc2 Rdd8 19. Bc3 Bc6 20. d3
Rd7 21. e4 Ne8 22. a4 Bf6 23. Bd2 Rcd8 24. Be3 b6 25. a5 Nc7 26. Nxa7 Qxa7
27. axb6 Qa5 28. bxc7 Rxc7 29. Bf4 Ra7 30. Qe2 Bc3 31. Bd2 Ba4 32. Bxc3
Qxc3 33. Rdc1 Qd4 34. Ra1 Rdd7 35. Ra3 Bc6 36. Rxa7 Rxa7 37. Qe3 Qb2 38.
Re1 Qb4 39. e5 Bxg2 40. Kxg2 h6 41. h4 Ra3 42. Rd1 Ra2 43. h5 Qb3 44. Qf3
Qb2 45. Re1 Kf8 46. Re4 Qb7 47. Re2 Qxf3+ 48. Kxf3 Ra3 49. Ke3 Ra1 50. Rb2
Re1+ 51. Kf4 g5+ 52. hxg6 fxg6 53. Rb8+ Kf7 54. Rb7+ Kg8 55. Rb8+ Kf7 56.
Rb7+ Kg8 57. Rc7 g5+ 58. Kg4 Rxe5 59. Kh5 Rf5 60. Kxh6 Kf8 61. g4 Rxf2 62.
Kxg5 Rf3 63. Rxc5 Ke7 64. d4 Kd6 65. Ra5 1-0

[Event "4NCL 2009-10"]
[Site "Sunningdale ENG"]
[Date "2010.02.20"]
[Round "5"]
[White "Berzinsh,R"]
[Black "Cooper,J"]
[Result "1-0"]
[WhiteElo "2424"]
[BlackElo "2346"]
[EventDate "2009.10.24"]

1. e4 e5 2. Nf3 Nc6 3. Bb5 a6 4. Ba4 Nf6 5. O-O Be7 6. Re1 b5 7. Bb3 d6 8.
c3 O-O 9. h3 Nb8 10. d4 Nbd7 11. Nbd2 Bb7 12. Bc2 Re8 13. Nf1 Bf8 14. Ng3
g6 15. b3 Bg7 16. d5 Rc8 17. Rb1 c6 18. c4 Qc7 19. Bd3 Nc5 20. Bf1 b4 21.
Nh2 h5 22. Nf3 a5 23. h4 Ba6 24. Ng5 cxd5 25. cxd5 Bxf1 26. Nxf1 Bh6 27.
Qf3 Qe7 28. Bd2 Nfd7 29. Qg3 Bxg5 30. Bxg5 f6 31. Bd2 Qg7 32. Qf3 f5 33.
exf5 e4 34. Qg3 gxf5 35. Qxd6 Ne5 36. Ng3 Red8 37. Qb6 Qg4 38. Bg5 Rxd5 39.
Qh6 Rc6 40. Qxh5 Qxh5 41. Nxh5 Kf7 42. Nf4 Rdd6 43. Rbc1 Ned3 44. Nxd3 Nxd3
45. Rxc6 Rxc6 46. Re2 Kg6 47. Kh2 Rc3 48. f3 Nc5 49. Be3 exf3 50. gxf3 Ne6
51. Bb6 Nf4 52. Rf2 Nd3 53. Rg2+ Kh5 54. Rg5+ Kxh4 55. Bd8 Rc8 56. Bf6 Rc6
57. Rxf5+ Rxf6 58. Rxf6 Nc1 59. Rf5 Nxa2 60. Rxa5 Nc3 61. Rc5 Nd5 62. Rb5
1-0

[Event "4NCL 2009-10"]
[Site "Sunningdale ENG"]
[Date "2010.02.20"]
[Round "5"]
[White "Morris,Ch"]
[Black "Buckley,G"]
[Result "0-1"]
[WhiteElo "2189"]
[BlackElo "2388"]
[EventDate "2009.10.24"]

1. c4 b6 2. Nc3 e6 3. e4 Bb7 4. Nf3 Bb4 5. Bd3 Na6 6. Bc2 Ne7 7. O-O O-O 8.
d4 f5 9. e5 c5 10. Nb5 cxd4 11. a3 Bc5 12. b4 Ng6 13. bxc5 Bxf3 14. Qxf3
Nxe5 15. Qf4 Qf6 16. Qxd4 bxc5 17. Qc3 Nxc4 18. Qxc4 Qxa1 19. Nd6 Nc7 20.
Qxc5 Nd5 21. Bxf5 Qc3 22. Qxc3 Nxc3 23. Bd3 Rab8 24. Bd2 Rb3 25. Bc4 Rxa3
26. Rc1 Nd5 27. Rb1 Ra4 28. Be1 Rd8 29. f3 Ne3 30. Bb5 Rd4 31. Ne4 Rb8 32.
Bg3 Rb6 33. Bf2 Rxb5 34. Rxb5 Rd1+ 35. Be1 Nc2 36. Kf2 Nxe1 37. Ng5 Kf8 38.
Ke2 Ra1 39. Nxh7+ Ke7 40. Rg5 Kf7 41. Rg4 d5 42. Ng5+ Kf6 43. Nh7+ Ke5 44.
g3 Nc2 45. Kd3 Ra2 46. f4+ Kd6 47. Rxg7 Nb4+ 48. Kc3 a5 49. h4 Rc2+ 50. Kb3
d4 51. Nf6 Rc3+ 52. Ka4 Kc6 53. h5 Nc2 0-1

[Event "4NCL 2009-10"]
[Site "Sunningdale ENG"]
[Date "2010.02.20"]
[Round "5"]
[White "Wall,G"]
[Black "Zeidler,S"]
[Result "1-0"]
[WhiteElo "2296"]
[BlackElo "2221"]
[EventDate "2009.10.24"]

1. d4 f5 2. Nc3 d5 3. Bf4 c6 4. Nf3 Nf6 5. e3 e6 6. Bd3 Be7 7. h3 O-O 8.
Ne2 Ne4 9. Ne5 Nd7 10. f3 Nxe5 11. Bxe5 Bd6 12. Bxd6 Qxd6 13. O-O Nf6 14.
f4 Bd7 15. c4 Kh8 16. c5 Qe7 17. Nc1 Rg8 18. Be2 g5 19. Nd3 Ne4 20. Ne5 Be8
21. Bf3 Ng3 22. Rf2 g4 23. hxg4 Qh4 24. Rf1 fxg4 25. Bxg4 h5 26. Bh3 Nxf1
27. Kxf1 Bg6 28. Qb3 Qe7 29. Kf2 Bf5 30. Bxf5 Qh4+ 31. Kg1 exf5 32. Nf7+
Kg7 33. Qxb7 Rab8 34. Qd7 Kf8 35. Ng5 Rxg5 36. fxg5 Rxb2 37. Qxf5+ Kg8 38.
Rf1 Rb8 39. Qe6+ 1-0

[Event "4NCL 2009-10"]
[Site "Sunningdale ENG"]
[Date "2010.02.20"]
[Round "5"]
[White "Redmond,J"]
[Black "Povah,N"]
[Result "1/2-1/2"]
[WhiteElo "2196"]
[BlackElo "2336"]
[EventDate "2009.10.24"]

1. c4 e5 2. g3 Nf6 3. Bg2 Nc6 4. Nc3 Bb4 5. Nd5 a5 6. Nf3 O-O 7. O-O Bc5 8.
d4 Bxd4 9. Bg5 d6 10. Nxd4 Nxd4 11. e3 Ne6 12. Nxf6+ gxf6 13. Bh4 Ng7 14.
Be4 Bf5 15. Bxf5 Nxf5 16. Qg4+ Ng7 17. f4 e4 18. Rad1 f5 19. Qe2 f6 20. c5
d5 21. Qb5 c6 22. Qxb7 Qc8 23. Qb3 Qe6 24. Qc3 Kf7 25. Rf2 Rfb8 26. h3 Rb5
27. Rg2 h5 28. Rc1 Rab8 29. Rcc2 a4 30. Rgd2 Qe7 31. Rd4 Ne6 32. Rxa4 Rxc5
33. Qd2 Rxc2 34. Qxc2 c5 35. Ra6 Rd8 36. Qa4 Rd7 37. Qc6 d4 38. g4 hxg4 39.
hxg4 d3 40. gxf5 Nd8 41. Qa4 d2 42. Rxf6+ Ke8 43. Qd1 Qh7 44. Bg3 Qh8 45.
Rg6 Qxb2 46. Kg2 c4 47. f6 Rh7 48. Rg8+ Kd7 49. Rg7+ Rxg7 50. fxg7 Qxg7 51.
Qxd2+ 1/2-1/2

[Event "4NCL 2009-10"]
[Site "Sunningdale ENG"]
[Date "2010.02.20"]
[Round "5"]
[White "Roberts,Dan"]
[Black "Anderton,M"]
[Result "0-1"]
[WhiteElo "2067"]
[BlackElo "2232"]
[EventDate "2009.10.24"]

1. e4 e6 2. d4 d5 3. Nd2 Nf6 4. e5 Nfd7 5. Bd3 c5 6. c3 Nc6 7. Ne2 cxd4 8.
cxd4 f6 9. exf6 Nxf6 10. Nf3 Bd6 11. O-O Qc7 12. Bg5 O-O 13. Rc1 Bd7 14.
Re1 Kh8 15. Ng3 Ng4 16. Bb1 Qb6 17. Re2 Rae8 18. Qd3 g6 19. Rf1 Nb4 20. Qd2
Bb5 21. h3 Bxe2 22. Nxe2 Rxf3 23. gxf3 Nh2 24. Bf6+ Kg8 25. Qh6 Bf8 26. Qf4
Nxf1 27. Be5 Nc6 28. Kxf1 Nxe5 29. dxe5 Qxb2 30. Bd3 Bg7 31. Nd4 Qb6 32.
Nb5 Rf8 33. Qg3 a6 34. Nd6 Qd4 35. f4 b5 0-1

[Event "4NCL 2009-10"]
[Site "Sunningdale ENG"]
[Date "2010.02.20"]
[Round "5"]
[White "Grigoryan Lyell,M"]
[Black "Wilson,Ju"]
[Result "1/2-1/2"]
[WhiteElo "2122"]
[BlackElo "1890"]
[EventDate "2009.10.24"]

1. d4 Nf6 2. c4 e6 3. Nc3 Bb4 4. Qc2 O-O 5. Bg5 h6 6. Bh4 c5 7. a3 Bxc3+ 8.
bxc3 d6 9. e4 cxd4 10. Rd1 Nbd7 11. Rxd4 Qc7 12. Nf3 b6 13. Be2 Bb7 14. O-O
e5 15. Rdd1 Nxe4 16. Nd2 f5 17. Nxe4 Bxe4 18. Qd2 Nc5 19. f3 Bb7 20. Qxd6
Qxd6 21. Rxd6 Rac8 22. Rfd1 e4 23. Bf2 exf3 24. gxf3 Na4 25. Bd4 Rc6 26.
Rd7 Rg6+ 27. Kf2 Rf7 28. Rxf7 Kxf7 29. Be3 Bc6 30. Bd4 Rd6 31. Bd3 Nb2 32.
Rd2 Nxd3+ 33. Rxd3 g6 34. Re3 Re6 35. c5 Rxe3 36. Bxe3 bxc5 37. Bxc5 a6 38.
Ke3 Ke6 39. h4 g5 40. h5 Be8 41. Bf8 Bxh5 42. Bxh6 g4 43. fxg4 Bxg4 1/2-1/2

[Event "4NCL 2009-10"]
[Site "Sunningdale ENG"]
[Date "2010.02.20"]
[Round "5"]
[White "Wells,P"]
[Black "Ledger,A"]
[Result "1-0"]
[WhiteElo "2489"]
[BlackElo "2431"]
[EventDate "2009.10.24"]

1. Nf3 d5 2. d4 Nf6 3. c4 c6 4. Nc3 a6 5. cxd5 cxd5 6. Bg5 Ne4 7. Bh4 Nc6
8. e3 Bf5 9. Be2 Qa5 10. Qb3 Qb4 11. Qxb4 Nxb4 12. O-O e6 13. Rfc1 Bd6 14.
Na4 g5 15. Nxg5 Nxg5 16. Bxg5 Nc2 17. Nb6 Rb8 18. Bd1 Nxa1 19. Ba4+ Kf8 20.
Bf6 Kg8 21. Rxa1 h5 22. Bxh8 Kxh8 23. Rc1 Kg7 24. Bc2 Bxc2 25. Rxc2 Rd8 26.
h3 Kf6 27. Kf1 Rg8 28. a3 Rd8 29. Ke2 Bb8 30. Na4 Bd6 31. Nc5 Bxc5 32. Rxc5
Rd7 33. Kf3 Kg5 34. h4+ Kg6 35. Rc8 f6 36. b4 e5 37. dxe5 fxe5 38. Rg8+ Kh6
39. Rg5 e4+ 40. Ke2 d4 41. exd4 Rxd4 42. Re5 Kg6 43. Ke3 Rd3+ 44. Kxe4 Rxa3
45. Re6+ Kf7 46. Rb6 Ra2 47. Rxb7+ Kf6 48. Rb6+ Kf7 49. Ke3 Ra3+ 50. Kf4
Ra2 51. f3 Rxg2 52. Rxa6 Rb2 53. Rb6 Rb3 54. b5 Ke7 55. Rb8 Kd7 56. b6 Kc6
57. Rf8 1-0

[Event "4NCL 2009-10"]
[Site "Sunningdale ENG"]
[Date "2010.02.20"]
[Round "5"]
[White "Bates,Ri"]
[Black "Palliser,R"]
[Result "1/2-1/2"]
[WhiteElo "2383"]
[BlackElo "2435"]
[EventDate "2009.10.24"]

1. d4 Nf6 2. Nf3 e6 3. c4 c5 4. d5 d6 5. Nc3 exd5 6. cxd5 g6 7. h3 a6 8. e4
b5 9. Bd3 Bg7 10. O-O O-O 11. Bf4 Re8 12. Re1 Bb7 13. a3 Qb6 14. Qd2 Nbd7
15. Bh6 Bh8 16. b4 Rac8 17. Rac1 Qd8 18. Bg5 Qb6 19. Re3 Nh5 20. g4 Nhf6
21. Bh6 Ra8 22. Ne2 a5 23. Ng3 axb4 24. axb4 c4 25. Bb1 Ne5 26. Nxe5 dxe5
27. Nf5 Bc8 28. d6 Bxf5 29. exf5 Qd4 30. Rd1 Qxd2 31. Rxd2 Ra1 32. Rd1
1/2-1/2

[Event "4NCL 2009-10"]
[Site "Sunningdale ENG"]
[Date "2010.02.20"]
[Round "5"]
[White "Buckley,Si"]
[Black "Ansell,S"]
[Result "1-0"]
[WhiteElo "2348"]
[BlackElo "2380"]
[EventDate "2009.10.24"]

1. c4 e5 2. d3 d6 3. Nc3 f5 4. g3 Nf6 5. Bg2 Be7 6. e3 O-O 7. Nge2 Qe8 8.
Rb1 a5 9. a3 Nc6 10. O-O Bd8 11. Qc2 Be6 12. Bd2 Bf7 13. b3 Rb8 14. Rbe1
Qd7 15. e4 fxe4 16. dxe4 Ne7 17. Rd1 Qc8 18. Nd5 Nexd5 19. exd5 c6 20. Bg5
Bg6 21. Qc1 Bb6 22. Be3 Bxe3 23. Qxe3 Qc7 24. Rc1 h6 25. Nc3 Rbe8 26. h3 e4
27. Rfd1 c5 28. Re1 Qf7 29. Qd2 Re5 30. Re3 Rfe8 31. Rce1 h5 32. Nb5 1-0

[Event "4NCL 2009-10"]
[Site "Sunningdale ENG"]
[Date "2010.02.20"]
[Round "5"]
[White "Baker,CW"]
[Black "Townsend,M"]
[Result "1/2-1/2"]
[WhiteElo "2357"]
[BlackElo "2222"]
[EventDate "2009.10.24"]

1. e4 e6 2. Nf3 d5 3. Nc3 Nf6 4. e5 Nfd7 5. d4 c5 6. dxc5 Nc6 7. Bf4 Bxc5
8. Bd3 f6 9. exf6 Nxf6 10. O-O O-O 11. Ne5 Bd7 12. Qe2 Qe7 13. Rae1 Rae8
14. Kh1 a6 15. Bg3 Bb4 16. Bh4 Nxe5 17. Qxe5 Bc6 18. f4 Qd6 19. f5 1/2-1/2

[Event "4NCL 2009-10"]
[Site "Sunningdale ENG"]
[Date "2010.02.20"]
[Round "5"]
[White "Barrett,S"]
[Black "Webb,L"]
[Result "0-1"]
[WhiteElo "2212"]
[BlackElo "2321"]
[EventDate "2009.10.24"]

1. d4 Nf6 2. c4 c5 3. d5 e5 4. Nc3 d6 5. e4 Be7 6. g3 O-O 7. h4 a6 8. a4
Ne8 9. Bh3 Nd7 10. Nge2 g6 11. Bh6 Ng7 12. O-O Nf6 13. Bg2 Ng4 14. Bd2 f5
15. f3 Nf6 16. Bg5 Nfh5 17. Bh6 f4 18. g4 Ng3 19. Nxg3 fxg3 20. f4 exf4 21.
Bxf4 Bxh4 22. e5 Rxf4 23. Rxf4 dxe5 24. Rf1 Bg5 25. Qe2 Bf4 26. d6 Qh4 27.
Bd5+ Kh8 28. Rxf4 exf4 29. Bf3 Be6 30. Re1 Bxc4 31. Qd2 Rd8 32. Ne4 Ne6 33.
b4 Nd4 34. Bh1 f3 35. bxc5 f2+ 36. Nxf2 Qh2+ 0-1

[Event "4NCL 2009-10"]
[Site "Sunningdale ENG"]
[Date "2010.02.20"]
[Round "5"]
[White "Ledger,D"]
[Black "Adams,D"]
[Result "1/2-1/2"]
[WhiteElo "2245"]
[BlackElo "2217"]
[EventDate "2009.10.24"]

1. e4 e5 2. f4 Nc6 3. Bc4 Nf6 4. Nc3 Nxe4 5. Nxe4 d5 6. Bd3 dxe4 7. Bxe4
exf4 8. Nf3 Bd6 9. O-O O-O 10. d4 Bg4 11. c3 Bh5 12. Qb3 Rb8 13. Bd2 g5 14.
g3 Kh8 15. gxf4 gxf4 16. Kh1 Qf6 17. Rae1 Qh6 18. Ne5 Nxe5 19. Bxf4 Qg7 20.
dxe5 Bxe5 21. Bxe5 Qxe5 22. Rf5 Qe7 23. Rxh5 f5 24. Qd5 fxe4 25. Rxe4 Rf1+
26. Kg2 Qf6 27. Rxh7+ Kxh7 28. Qh5+ Kg7 29. Rg4+ Kf8 30. Qc5+ Ke8 31. Qb5+
Qc6+ 32. Qxc6+ bxc6 33. Kxf1 Rxb2 34. Rg2 Rb1+ 35. Ke2 Ke7 36. Kd3 Kd6 37.
Kc4 Rb5 38. h4 Rc5+ 39. Kd4 Rd5+ 40. Ke4 Rh5 41. Rh2 Ke6 42. Kf4 Kf6 43.
Kg4 Rc5 44. Rh3 Kg6 45. h5+ Kh6 46. Re3 Rg5+ 47. Kf4 Rc5 48. Ke4 Kxh5 49.
Kd4 Rd5+ 50. Kc4 Ra5 51. Re6 Rxa2 52. Rxc6 Kg5 53. Rxc7 Kf5 54. Re7 Kf6 55.
Re1 Ra6 56. Kd5 Ra5+ 57. Kc6 Ra6+ 58. Kb5 Re6 59. Ra1 Rb6+ 60. Kc5 Rb7 61.
c4 Rc7+ 62. Kd5 Ke7 63. Rh1 Rd7+ 64. Kc6 Rd6+ 65. Kc5 Rd7 66. Rh8 Rc7+ 67.
Kb5 a6+ 68. Kb4 Kd7 69. c5 Rb7+ 70. Kc4 Rb1 71. Rh7+ Kc6 72. Rh6+ Kb7 73.
Rh7+ 1/2-1/2

[Event "4NCL 2009-10"]
[Site "Sunningdale ENG"]
[Date "2010.02.20"]
[Round "5"]
[White "Gayson,P"]
[Black "Nelson,Jo"]
[Result "1-0"]
[WhiteElo "2240"]
[BlackElo "2245"]
[EventDate "2009.10.24"]

1. e4 e5 2. Nf3 Nc6 3. d4 exd4 4. Bc4 Bc5 5. O-O Nf6 6. e5 d5 7. exf6 dxc4
8. Re1+ Be6 9. fxg7 Rg8 10. Bg5 Be7 11. Bxe7 Kxe7 12. Re4 f5 13. Rh4 Kf7
14. Rxh7 Rxg7 15. Rxg7+ Kxg7 16. Qe2 Bd5 17. Na3 Qe8 18. Qd2 Bxf3 19. gxf3
c3 20. bxc3 dxc3 21. Qxc3+ Qe5 22. Qxe5+ Nxe5 23. f4 Ng6 24. Rd1 Kf6 25.
Rd7 Rc8 26. Nb5 c6 27. Nd4 Nxf4 28. Nf3 Rb8 29. h4 a5 30. c4 a4 31. a3 Ne6
32. h5 Nc5 33. Rd6+ Ke7 34. Rg6 Ne4 35. Nd4 Rf8 36. Rg7+ Kd6 37. Rxb7 c5
38. Nf3 Rg8+ 39. Kf1 Kc6 40. Ra7 Nd6 41. Ne5+ Kb6 42. Rd7 Ne4 43. h6 Rh8
44. h7 Ng5 45. Rg7 Nxh7 46. Nf7 Re8 47. Rxh7 Re4 48. Nd6 Rd4 49. Rh6 Rd3
50. Ke2 Rb3 51. Nb5+ Kb7 52. Rh7+ Kb6 53. Rh6+ Kb7 54. Rf6 Rb2+ 55. Ke3 Rc2
56. Rxf5 Ka6 57. Rxc5 Kb6 58. Rc6+ 1-0

[Event "4NCL 2009-10"]
[Site "Sunningdale ENG"]
[Date "2010.02.20"]
[Round "5"]
[White "Yurenok,M"]
[Black "Fidalgo Fernandez,L"]
[Result "1-0"]
[WhiteElo "1981"]
[BlackElo "2115"]
[EventDate "2009.10.24"]

1. d4 d5 2. c4 dxc4 3. Nf3 a6 4. a4 c5 5. Nc3 cxd4 6. Qxd4 Qxd4 7. Nxd4 Nf6
8. e4 e5 9. Nf3 Nc6 10. Bxc4 Bb4 11. O-O O-O 12. Nd5 Nxe4 13. Nxb4 Nxb4 14.
Nxe5 Nc2 15. Ra2 Nd6 16. b3 Nxc4 17. Nxc4 Nb4 18. Rd2 Be6 19. Ba3 Bxc4 20.
bxc4 a5 21. Rb2 Nd3 22. Rxb7 Rfc8 23. Rb3 Nf4 24. c5 Ne2+ 25. Kh1 Nd4 26.
Rd3 Ne6 27. Rc3 Rab8 28. g3 Rc6 29. Rd1 Rb7 30. Rd6 Rxd6 31. cxd6 f6 32.
Kg2 Kf7 33. Rd3 Ke8 34. Rd5 Rb3 35. Bc1 Kd7 36. Rxa5 Kxd6 37. Ra7 Kc6 38.
h4 Nc7 39. Bf4 Ne6 40. Be3 Nc7 41. a5 h6 42. Bb6 Ne6 43. Re7 Kd6 44. Re8
Ra3 45. Rc8 f5 46. h5 Kd5 47. Rc1 f4 48. g4 Ke5 49. Rd1 Kf6 50. Rd5 f3+ 51.
Kg3 Ng5 52. Rf5+ Ke6 53. Be3 Ne4+ 54. Kxf3 Nd2+ 55. Ke2 Nc4 56. Bd4 Nd6 57.
Rc5 Ra4 58. Bxg7 Rxg4 59. Bxh6 Ra4 60. Be3 Ne4 61. Rc6+ Kd5 62. Ra6 Nd6 63.
Kf3 Rh4 64. h6 Nf5 65. Rf6 Ke5 66. Rb6 Nd6 67. a6 1-0

[Event "4NCL 2009-10"]
[Site "Sunningdale ENG"]
[Date "2010.02.20"]
[Round "5"]
[White "Dunn,An1"]
[Black "Turner,Ma"]
[Result "1/2-1/2"]
[WhiteElo "2220"]
[BlackElo "2508"]
[EventDate "2009.10.24"]

1. d4 Nf6 2. c4 g6 3. Nc3 d5 4. e3 Bg7 5. Qb3 c6 6. Nf3 O-O 7. Bd2 dxc4 8.
Bxc4 Nbd7 9. O-O Nb6 10. Be2 Be6 11. Qc2 Rc8 12. Rfd1 c5 13. dxc5 Rxc5 14.
e4 Qb8 15. Be3 Rcc8 16. Bd4 Ng4 17. Bxg7 Kxg7 18. h3 Ne5 19. Nd4 Bc4 20. f4
Nc6 21. Nxc6 Rxc6 22. e5 f6 23. Bf3 Rc7 24. Qe4 Bg8 25. Rac1 Rc4 26. exf6+
exf6 27. Qxb7+ Qxb7 28. Bxb7 Rxf4 29. b3 a5 30. Bc6 Rc8 31. Nb5 f5 32. Nd6
Rb8 33. Rc5 a4 34. Rb5 axb3 35. axb3 Rh4 36. Kh2 Kf8 37. Ne8 f4 38. Nf6 Be6
39. Rd4 Ke7 40. Ne8 Rh5 41. Rxh5 gxh5 42. Ng7 Bxb3 43. Nxh5 Bf7 44. Nxf4
Rc8 45. Be4 h6 46. Ng6+ Bxg6 1/2-1/2

[Event "4NCL 2009-10"]
[Site "Sunningdale ENG"]
[Date "2010.02.20"]
[Round "5"]
[White "Ferguson,M"]
[Black "Swanson,S"]
[Result "1-0"]
[WhiteElo "2410"]
[BlackElo "2263"]
[EventDate "2009.10.24"]

1. e4 g6 2. d4 Bg7 3. Nf3 d6 4. Bd3 e5 5. c3 Nc6 6. Be3 Nf6 7. O-O O-O 8.
Nbd2 h6 9. h3 Nh5 10. b4 a6 11. dxe5 dxe5 12. Bc4 Nf4 13. a4 Be6 14. Bxe6
fxe6 15. Kh2 g5 16. Ne1 Qe8 17. g3 Rf7 18. b5 axb5 19. axb5 Rxa1 20. Qxa1
Ne7 21. gxf4 exf4 22. Bd4 e5 23. Bc5 Qxb5 24. Bxe7 Rxe7 25. Nef3 Kh7 26. c4
Qc5 27. Qb1 c6 28. Qd3 Re6 29. Nb3 Qe7 30. Rd1 Rg6 31. Qd7 Re6 32. c5 Kg6
33. Na5 Bf6 34. Nxb7 h5 35. Qxe7 Bxe7 36. Rd6 Kf7 37. Nd8+ Bxd8 38. Rxd8
Ke7 39. Rg8 g4 40. hxg4 hxg4 41. Rxg4 1-0

[Event "4NCL 2009-10"]
[Site "Sunningdale ENG"]
[Date "2010.02.20"]
[Round "5"]
[White "Posazhennikov,A"]
[Black "D'Costa,L"]
[Result "0-1"]
[WhiteElo "2252"]
[BlackElo "2479"]
[EventDate "2009.10.24"]

1. e4 c5 2. d3 Nc6 3. f4 g6 4. Nf3 Bg7 5. Be2 e6 6. O-O Nge7 7. Qe1 O-O 8.
Qh4 d6 9. Ng5 h6 10. Nf3 f5 11. a4 b6 12. Na3 Bb7 13. Rb1 Na5 14. e5 dxe5
15. fxe5 Nec6 16. Qxd8 Raxd8 17. h4 Nd4 18. Nxd4 Rxd4 19. c3 Rxh4 20. Bf4
Rd8 21. Bg3 Rxa4 22. Bd1 Rxd3 23. Bxa4 Rxg3 24. Rf2 c4 25. Re1 a6 26. Bd1
Bf8 27. Kh2 Rd3 28. Bc2 Rd5 29. Bd1 Bc5 30. Rf4 g5 31. Rff1 g4 32. Nb1 Nc6
33. b4 Bf8 34. Na3 b5 35. Nc2 Bg7 36. Rf2 Bxe5+ 37. g3 h5 38. Nd4 h4 39.
Rg2 Nxd4 40. cxd4 Bxg3+ 41. Rxg3 hxg3+ 42. Kxg3 Rxd4 0-1

[Event "4NCL 2009-10"]
[Site "Sunningdale ENG"]
[Date "2010.02.20"]
[Round "5"]
[White "McEwan,K"]
[Black "Cox,JohnJ"]
[Result "0-1"]
[WhiteElo "2142"]
[BlackElo "2378"]
[EventDate "2009.10.24"]

1. e4 e5 2. Nf3 Nc6 3. Bb5 Nf6 4. O-O Nxe4 5. Re1 Nd6 6. Nxe5 Be7 7. Bf1
Nf5 8. Nf3 O-O 9. d4 d5 10. c3 Bd6 11. Nbd2 Nce7 12. Bd3 Ng6 13. Nf1 Nfh4
14. Ne5 f6 15. Nxg6 Nxg6 16. Ng3 f5 17. Qh5 Qf6 18. Qf3 Qf7 19. Ne2 Nh4 20.
Qh3 Ng6 21. Qf3 f4 22. Bxg6 hxg6 23. g3 g5 24. g4 c6 25. Bd2 Qg6 26. Rad1
Qe4 27. Qh3 Qg6 28. Qf3 Bd7 29. Nc1 Rae8 30. h3 Qc2 31. b4 Rxe1+ 32. Bxe1
Qe4 33. Qxe4 dxe4 34. d5 c5 35. Bd2 cxb4 36. cxb4 Re8 37. Bc3 Rc8 38. Bd4
Bxb4 39. Bxa7 Bd6 40. Nb3 Rc2 41. Rd2 Rc3 42. Rd1 Rxh3 0-1